| 000 | 00551 a2200169 4500 | ||
|---|---|---|---|
| 003 | OSt | ||
| 005 | 20231108111423.0 | ||
| 008 | 231108b |||||||| |||| 00| 0 eng d | ||
| 020 | _a9788187856290 | ||
| 040 | _coclc | ||
| 082 |
_a297.63 _bAND/M |
||
| 100 |
_aAndrabi, Abroo Aman _99865 |
||
| 245 |
_aProphet Muhammed (peace and blessings be upon him): The Man and the Message / _cDr. Abroo Aman Andrabi |
||
| 260 |
_aNew Delhi: _bMilli Publications, _c2010. |
||
| 300 | _a188p | ||
| 942 |
_2ddc _cBK _h297.63 _iAND/M _k297.63 _mAND/M |
||
| 999 |
_c42945 _d42945 |
||